000 00285nam a22001337a 4500
008 171016b xxu||||| |||| 00| 0 eng d
020 _a9780256238877
041 _aeng
080 _a33
100 _a52
101 _aEKO
245 _aLABOR RELATIONS
_cFOSSUM, J.A
942 _2udc
_cBK
999 _c34115
_d34115